000 00410nam a2200157Ia 4500
008 220216s9999 xx 000 0 und d
100 _aGopalakrishnan K.S.
245 0 _aNew applications can boost demand for NR
260 _bRubber Asia
_c2000
300 _a109-111
650 _aCanal lining
650 _aEngineering application
650 _aNatural rubber
650 _aRubberized road
942 _cBS
999 _c51126
_d51126